| 000 | 00359nam a22001457a 4500 | ||
|---|---|---|---|
| 020 | _a978-0750649506 | ||
| 041 | _aENG | ||
| 100 | _aJ.R Backhurst | ||
| 245 | _aChemical Engineering (Solutions For Volume 1 ) | ||
| 260 |
_aWoburn _bButterworth -Heinemann _c2006 |
||
| 300 | _a332 | ||
| 650 | _aAPE | ||
| 700 | _aJ,F Richardson , J.H Harker | ||
| 856 | _uAPE | ||
| 999 |
_c3238 _d3238 |
||